A Practical Guide to TPM 2.0 (Record no. 60338)
[ view plain ]
| 000 -LEADER | |
|---|---|
| fixed length control field | 00822nam a2200217Ii 4500 |
| 008 - FIXED-LENGTH DATA ELEMENTS--GENERAL INFORMATION | |
| fixed length control field | 221202s xx 000 0 und d |
| 100 1# - MAIN ENTRY--PERSONAL NAME | |
| Personal name | Arthur, Will, |
| Relator term | author |
| 245 #2 - TITLE STATEMENT | |
| Title | A Practical Guide to TPM 2.0 |
| 246 ## - VARYING FORM OF TITLE | |
| Title proper/short title | Using the New Trusted Platform Module in the New Age of Security |
| 264 ## - PRODUCTION, PUBLICATION, DISTRIBUTION, MANUFACTURE, AND COPYRIGHT NOTICE | |
| Name of producer, publisher, distributor, manufacturer | Springer Nature |
| Date of production, publication, distribution, manufacture, or copyright notice | 2015 |
| 300 ## - PHYSICAL DESCRIPTION | |
| Extent | 1 online resource (392 pages) |
| 336 ## - CONTENT TYPE | |
| Content type term | text |
| Content type code | txt |
| Source | rdacontent |
| 337 ## - MEDIA TYPE | |
| Media type term | computer |
| Media type code | c |
| Source | rdamedia |
| 338 ## - CARRIER TYPE | |
| Carrier type term | online resource |
| Carrier type code | cr |
| Source | rdacarrier |
| 520 ## - SUMMARY, ETC. | |
| Summary, etc. | Computer science |
| 653 ## - INDEX TERM--UNCONTROLLED | |
| Uncontrolled term | Computer Science |
| 700 1# - ADDED ENTRY--PERSONAL NAME | |
| Personal name | Challener, David |
| 700 1# - ADDED ENTRY--PERSONAL NAME | |
| Personal name | Goldman, Kenneth |
| 856 ## - ELECTRONIC LOCATION AND ACCESS | |
| Uniform Resource Identifier | <a href="https://library.oapen.org/bitstream/20.500.12657/28157/1/1001837.pdfhttps://link.springer.com/book/10.1007/978-1-4302-6584-9http://library.oapen.org/handle/20.500.12657/28157">https://library.oapen.org/bitstream/20.500.12657/28157/1/1001837.pdfhttps://link.springer.com/book/10.1007/978-1-4302-6584-9http://library.oapen.org/handle/20.500.12657/28157</a> |
| 942 ## - ADDED ENTRY ELEMENTS (KOHA) | |
| Koha item type | E-Book |
| Withdrawn status | Damaged status | Not for loan | Home library | Current library | Date acquired | Total Checkouts | Date last seen | Price effective from | Koha item type |
|---|---|---|---|---|---|---|---|---|---|
| Directory of Open Access Books | Directory of Open Access Books | 11/28/2022 | 11/28/2022 | 11/28/2022 | E-Book |